LEADER 03518nam 2200553 450 001 9910465978303321 005 20220208114437.0 010 $a0-231-54279-8 024 7 $a10.7312/schw17520 035 $a(CKB)3710000000919828 035 $a(MiAaPQ)EBC4723060 035 $a(StDuBDS)EDZ0001675168 035 $a(DE-B1597)478189 035 $a(OCoLC)979746056 035 $a(DE-B1597)9780231542791 035 $a(Au-PeEL)EBL4723060 035 $a(CaPaEBR)ebr11289272 035 $a(CaONFJC)MIL1001981 035 $a(OCoLC)961452272 035 $a(EXLCZ)993710000000919828 100 $a20161110h20162016 uy 0 101 0 $aeng 135 $aurcnu|||||||| 181 $2rdacontent 182 $2rdamedia 183 $2rdacarrier 200 10$aBetter presentations $ea guide for scholars, researchers, and wonks /$fJonathan Schwabish 210 1$aNew York, [New York] :$cColumbia University Press,$d2016. 210 4$d©2016 215 $a1 online resource (192 pages) 300 $aPreviously issued in print: 2016. 311 $a0-231-17520-5 311 $a0-231-17521-3 320 $aIncludes bibliographical references. 327 $tFrontmatter --$tContents --$tAcknowledgments --$tIntroduction --$tPart One. Designing Your Presentation --$t1. Theory, Planning, and Design --$t2. Color --$t3. Type --$tPart Two. Building Your Presentation --$t4. The Text Slide --$t5. The Data Visualization Slide --$t6. The Image Slide --$t7. The Scaffolding Slides --$tPart Three. Giving Your Presentation --$t8. Presenting --$t9. The Technical Nitty-Gritty --$tConclusions --$tFurther Readings --$tReferences 330 $aWhether you are a university professor, researcher at a think tank, graduate student, or analyst at a private firm, chances are that at some point you have presented your work in front of an audience. Most of us approach this task by converting a written document into slides, but the result is often a text-heavy presentation saddled with bullet points, stock images, and graphs too complex for an audience to decipher-much less understand. Presenting is fundamentally different from writing, and with only a little more time, a little more effort, and a little more planning, you can communicate your work with force and clarity. Designed for presenters of scholarly or data-intensive content, Better Presentations details essential strategies for developing clear, sophisticated, and visually captivating presentations. Following three core principles-visualize, unify, and focus-Better Presentations describes how to visualize data effectively, find and use images appropriately, choose sensible fonts and colors, edit text for powerful delivery, and restructure a written argument for maximum engagement and persuasion. With a range of clear examples for what to do (and what not to do), the practical package offered in Better Presentations shares the best techniques to display work and the best tactics for winning over audiences. It pushes presenters past the frustration and intimidation of the process to more effective, memorable, and persuasive presentations. 606 $aBusiness presentations 608 $aElectronic books. 615 0$aBusiness presentations. 676 $a658.4/52 686 $aMR 2000$2rvk 700 $aSchwabish$b Jonathan A.$0808076 801 0$bMiAaPQ 801 1$bMiAaPQ 801 2$bMiAaPQ 906 $aBOOK 912 $a9910465978303321 996 $aBetter presentations$91810985 997 $aUNINA LEADER 03886nas a2200529 i 4500 001 991001858059707536 005 20231109124954.0 008 060918m20049999it || 0 0ita d 035 $ab13438426-39ule_inst 040 $aDip.to Filologia Class. e Scienze Filosofiche$bita 082 0 $a270.05 229 0$aAuctores nostri 245 00$aAuctores nostri :$bstudi e testi di letteratura cristiana antica /$cUniversitą degli studi di Foggia, Cattedra di letteratura cristiana antica 260 $aBari :$bEdipuglia,$c[2004]- 592 $aLE007 2004- 710 2 $aUniversitą degli Studi$c :$bCattedra di letteratura cristiana antica $eauthor$4http://id.loc.gov/vocabulary/relators/aut$0784894 787 0 $tVolvit fluctus cordis 787 0 $aLa$tnatura innamorata nell'esamerone di Ambrogio 787 0 $tLinee di storiografia ecclesiastica in Sozomeno di Gaza 787 0 $aIl$tcuore svelato nel Commento a Matteo di Origene 787 0 $tPrimizia della primizia: il Vangelo secondo Giovanni nel commento di Origene 787 0 $tStudi agostiniani : trenta saggi fra retorica ed esegesi 907 $a.b13438426$b12-11-21$c18-09-06 912 $a991001858059707536 945 $aLE007 PER Auctores 2004$cv. 1$g1$lle007$og$pE20.00$q-$rn$so $t18$u0$v0$w0$x0$y.i14292415$z18-09-06 945 $aLE007 PER Auctores 2005$cv. 2$g1$lle007$oe$pE0.00$q-$rn$so $t18$u0$v0$w0$x0$y.i14961568$z28-04-09 945 $aLE007 PER Auctores 2007$cv. 4$g1$i2007000175132$lle007$oe$pE0.00$q-$rn$so $t18$u2$v0$w2$x0$y.i1496157x$z28-04-09 945 $aLE007 PER Auctores 2007$cv. 5$g1$i2007000234075$lle007$oe$pE25.00$q-$rn$so $t18$u1$v0$w1$x0$y.i14961581$z28-04-09 945 $aLE007 PER Auctores 2008$cv. 6$g1$i2007000201374$lle007$oe$pE25.00$q-$rn$s- $t18$u0$v0$w0$x0$y.i15165358$z08-09-10 945 $aLE007 PER Auctores 2009$cv. 7$g1$i2007000207840$lle007$oe$pE25.00$q-$rn$s- $t18$u0$v0$w0$x0$y.i1526340x$z05-05-11 945 $aLE007 PER Auctores 2010$cv. 8$g1$i2007000214688$lle007$oe$pE35.00$q-$rn$s- $t18$u3$v0$w3$x0$y.i15391620$z15-03-12 945 $aLE007 PER Auctores 2011$cv. 9$g1$i2007000236239$lle007$oe$pE60.00$q-$rn$s- $t18$u6$v0$w6$x0$y.i15478178$z31-01-13 945 $aLE007 PER Auctores 2012$cv. 10$g1$i2007000237328$lle007$oe$pE60.00$q-$rn$s- $t18$u2$v0$w2$x0$y.i15478361$z31-01-13 945 $aLE007 PER Auctores 2012$cv. 11$g1$i2007000245279$lle007$oe$pE40.00$q-$rn$s- $t18$u0$v0$w0$x0$y.i15542269$z21-10-13 945 $aLE007 PER Auctores 2013$cv. 12$g1$i2007000253649$lle007$oe$pE35.00$q-$rn$s- $t18$u0$v0$w0$x0$y.i1562819x$z29-07-14 945 $aLE007 PER Auctores 2014$cv. 13$g1$i2007000257272$lle007$oe$pE35.00$q-$rn$s- $t18$u0$v0$w0$x0$y.i15653572$z15-01-15 945 $aLE007 PER Auctores 2014$cv. 14$g1$i2007000264287$lle007$oe$pE60.00$q-$rn$s- $t18$u5$v0$w5$x0$y.i15700367$z16-10-15 945 $aLE007 PER Auctores 2015$cv. 15$g1$i2007000272695$lle007$oe$pE60.00$q-$rn$s- $t18$u0$v0$w0$x0$y.i15728808$z22-07-16 945 $aLE007 PER Auctores 2016$cv. 16$g1$i2007000280034$lle007$oe$pE30.00$q-$rn$s- $t18$u0$v0$w0$x0$y.i15807125$z18-05-17 945 $aLE007 PER Auctores 2017$cv. 17$g1$i2007000280041$lle007$oe$pE32.00$q-$rn$s- $t18$u0$v0$w0$x0$y.i15807137$z18-05-17 945 $aLE007 PER Auctores 2017$cv. 18$g1$i2007000283882$lle007$oe$pE35.00$rn$s- $t18$u0$v0$w0$x0$y.i15820889$z06-11-17 945 $aLE007 PER Auctores 2018$cv. 19$g1$i2007000292891$lle007$oe$pE35.00$q-$rn$s- $t0$u0$v0$w0$x0$y.i15876627$z07-02-19 945 $aLE007 PER Auctores 2019$cv. 21$g1$i2007000297179$lle007$oe$pE45.00$q-$rn$s- $t18$u0$v0$w0$x0$y.i15893893$z21-06-19 945 $aLE007$cv. 22$g1$i2007000309681$lle007$nCambio$on$pE0.00$q-$rl$so $t0$u0$v0$w0$x0$y.i15986020$z12-11-21 996 $aAuctores nostri$91746980 997 $aUNISALENTO 998 $ale007$b18-09-06$cs$da $e-$fita$git $h0$i0 LEADER 04167oam 2201081I 450 001 9910783886803321 005 20230207225119.0 010 $a1-135-78856-1 010 $a1-135-78857-X 010 $a1-280-11380-4 010 $a0-203-99480-9 024 7 $a10.4324/9780203994801 035 $a(CKB)1000000000250825 035 $a(EBL)240589 035 $a(OCoLC)475954481 035 $a(SSID)ssj0000177613 035 $a(PQKBManifestationID)11198890 035 $a(PQKBTitleCode)TC0000177613 035 $a(PQKBWorkID)10217461 035 $a(PQKB)11218463 035 $a(MiAaPQ)EBC240589 035 $a(OCoLC)252963054 035 $a(EXLCZ)991000000000250825 100 $a20180331d2002 uy 0 101 0 $aeng 135 $aur|n|---||||| 181 $ctxt 182 $cc 183 $acr 200 10$aIn defense of Dharma $ejust-war ideology in Buddhist Sri Lanka /$fTessa Bartholomeusz 210 1$aLondon ;$aNew York :$cRoutledgeCurzon,$d2002. 215 $a1 online resource (232 p.) 225 1 $aRoutledge Critical Studies in Buddhism ;$vv.24 300 $aDescription based upon print version of record. 311 $a0-7007-1681-5 320 $aIncludes bibliographical references (pages 195-200) and index. 327 $aBOOK COVER; TITLE; COPYRIGHT; CONTENTS; Foreword; Editors' preface; Preface; 1 Narrative, ethics, and war; 2 Just-war thinking in texts and contexts; 3 Dharma yuddhaya and dharma warriors in Sri Lanka; 4 Buddhism, pacifism, war, and ethical orientations; 5 Sri Lankan Buddhism and just-war thinking revisited; Selected bibliography; Primary sources; Index 330 $aThis is the first book to examine war and violence in Sri Lanka through the lens of cross-cultural studies on just-war tradition and theory. In a study that is textual, historical and anthropological, it is argued that the ongoing Sinhala-Tamil conflict is in actual practice often justified by a resort to religious stories that allow for war when Buddhism is in peril. Though Buddhism is commonly assumed to be a religion that never allows for war, this study suggests otherwise, thereby bringing Buddhism into the ethical dialogue on religion and war. Without a realistic consideration of just-war 410 0$aRoutledge Critical Studies in Buddhism 606 $aBuddhism 606 $aBuddhism - Social aspects - Sri Lanka 606 $aEthnic conflict 606 $aEthnicity 606 $aHistory 606 $aJust war doctrine 606 $aMoral and ethical aspects 606 $aReligious aspects 606 $aSocial aspects 606 $aSri Lanka 606 $aViolence 606 $aWar 606 $aBuddhism$xSocial aspects$y20th century$zSri Lanka 606 $aEthnic conflict$xReligious aspects$zSri Lanka 606 $aEthnic conflict$xHistory 606 $aJust war doctrine$xReligious aspects 606 $aWar$xMoral and ethical aspects 606 $aWar 606 $aBuddhism$2HILCC 606 $aReligion$2HILCC 606 $aPhilosophy & Religion$2HILCC 607 $aSri Lanka$xEthnic relations 615 4$aBuddhism. 615 4$aBuddhism - Social aspects - Sri Lanka. 615 4$aEthnic conflict. 615 4$aEthnicity. 615 4$aHistory. 615 4$aJust war doctrine. 615 4$aMoral and ethical aspects. 615 4$aReligious aspects. 615 4$aSocial aspects. 615 4$aSri Lanka. 615 4$aViolence. 615 4$aWar. 615 0$aBuddhism$xSocial aspects 615 0$aEthnic conflict$xReligious aspects 615 0$aEthnic conflict$xHistory 615 0$aJust war doctrine$xReligious aspects 615 0$aWar$xMoral and ethical aspects 615 0$aWar 615 7$aBuddhism 615 7$aReligion 615 7$aPhilosophy & Religion 676 $a294.3377095493 676 $a294.35624209593 686 $a11.93$2bcl 700 $aBartholomeusz$b Tessa J.$01543645 801 0$bAU-PeEL 801 1$bAU-PeEL 801 2$bAU-PeEL 906 $aBOOK 912 $a9910783886803321 996 $aIn defense of Dharma$93797221 997 $aUNINA LEADER 01937nam 2200445z- 450 001 9910557235803321 005 20211118 035 $a(CKB)5400000000041585 035 $a(oapen)https://directory.doabooks.org/handle/20.500.12854/72882 035 $a(oapen)doab72882 035 $a(EXLCZ)995400000000041585 100 $a20202111d2019 |y 0 101 0 $aeng 135 $aurmn|---annan 181 $ctxt$2rdacontent 182 $cc$2rdamedia 183 $acr$2rdacarrier 200 00$aHybrid Biomolecular Modeling 210 $cFrontiers Media SA$d2019 215 $a1 online resource (128 p.) 225 1 $aFrontiers Research Topics 311 08$a2-88945-699-4 330 $aThis eBook is a collection of articles from a Frontiers Research Topic. Frontiers Research Topics are very popular trademarks of the Frontiers Journals Series: they are collections of at least ten articles, all centered on a particular subject. With their unique mix of varied contributions from Original Research to Review Articles, Frontiers Research Topics unify the most influential researchers, the latest key findings and historical advances in a hot research area! Find out more on how to host your own Frontiers Research Topic or contribute to one as an author by contacting the Frontiers Editorial Office: frontiersin.org/about/contact 606 $aScience: general issues$2bicssc 610 $abiomolecules 610 $aConformational variability 610 $adynamics 610 $ahybrid models 610 $aStructure 615 7$aScience: general issues 700 $aJonic$b Slavica$4edt$01325405 702 $aMiyashita$b Osamu$4edt 702 $aCallebaut$b Isabelle$4edt 702 $aJonic$b Slavica$4oth 702 $aMiyashita$b Osamu$4oth 702 $aCallebaut$b Isabelle$4oth 906 $aBOOK 912 $a9910557235803321 996 $aHybrid Biomolecular Modeling$93036857 997 $aUNINA